LEADER 02037nam 2200553 450 001 9910464030603321 005 20200520144314.0 035 $a(CKB)2670000000617182 035 $a(EBL)3563610 035 $a(SSID)ssj0001537640 035 $a(PQKBManifestationID)11869976 035 $a(PQKBTitleCode)TC0001537640 035 $a(PQKBWorkID)11519331 035 $a(PQKB)10569481 035 $a(MiAaPQ)EBC3563610 035 $a(Au-PeEL)EBL3563610 035 $a(CaPaEBR)ebr11062137 035 $a(CaONFJC)MIL787221 035 $a(OCoLC)909854659 035 $a(EXLCZ)992670000000617182 100 $a20150618h20152015 uy 0 101 0 $aeng 135 $aur|n|---||||| 181 $ctxt 182 $cc 183 $acr 200 00$aGuardians or oppressors $ecivil-military relations and democratisation in the Mediterranean Region /$fedited by Amany Salaheldin Soliman and Gu?lc?in Balamir Cos?kun ; contributors, Bezen Balamir Cos?kun [and six others] 210 1$aNewcastle upon Tyne, England :$cCambridge Scholars Publishing,$d2015. 210 4$d©2015 215 $a1 online resource (164 p.) 300 $aDescription based upon print version of record. 311 $a1-4438-7771-9 311 $a1-4438-7618-6 320 $aIncludes bibliographical references and index. 327 $a""TABLE OF CONTENTS""; ""INTRODUCTION""; ""CHAPTER ONE""; ""CHAPTER TWO""; ""CHAPTER THREE""; ""CHAPTER FOUR""; ""CHAPTER FIVE""; ""CHAPTER SIX""; ""CHAPTER SEVEN""; ""CONCLUSION""; ""BIBLIOGRAPHY""; ""CONTRIBUTORS""; ""INDEX"" 606 $aCivil-military relations$zMediterranean Region 608 $aElectronic books. 615 0$aCivil-military relations 676 $a322.5 702 $aSoliman$b Amany Salaheldin 702 $aCos?kun$b Gu?lc?in Balamir 702 $aBalamir-Coskun$b Bezen$f1973- 801 0$bMiAaPQ 801 1$bMiAaPQ 801 2$bMiAaPQ 906 $aBOOK 912 $a9910464030603321 996 $aGuardians or oppressors$92063619 997 $aUNINA LEADER 02225nas 2200649-a 450 001 996203233503316 005 20240419161234.0 035 $a(CKB)954927686726 035 $a(CONSER)---84643335- 035 $a(EXLCZ)99954927686726 100 $a19840106b19842000 --- a 101 0 $aeng 181 $ctxt$2rdacontent 182 $cc$2rdamedia 183 $acr$2rdacarrier 200 10$aStatistical bulletin $eSB 210 1$aNew York, Nwe York :$cMetropolitan Life Insurance Co.,$d©1984-©2000. 215 $a1 online resource 300 $aTitle from cover. 300 $aVols. for - published: Baltimore, MD. 311 $aPrint version: Statistical bulletin (Metropolitan Life Insurance Company : 1984) (DLC) 84643335 (OCoLC)10269119 0741-9767 517 3 $aSB 531 $aMETROPOLITAN LIFE INSURANCE COMPANY STATISTICAL BULLETIN S B 531 $aSTATISTICAL BULLETIN-METROPOLITAN LIFE INSURANCE COMPANY 531 $aSTAT BULL METROP INSUR CO 531 $aSTATISTICAL BULLETIN (METROPOLITAN LIFE INSURANCE COMPANY 531 0 $aStat. bull.- Metrop Life Insur. Co. 606 $aLife insurance$zUnited States$vPeriodicals 606 $aLife insurance$2fast$3(OCoLC)fst01715858 606 $aInsurance, Life 606 $aLife Expectancy 606 $aPublic Health 606 $aVital Statistics 607 $aUnited States$vStatistics, Vital$vPeriodicals 607 $aUnited States$vStatistics, Medical$vPeriodicals 607 $aUnited States$2fast 607 $aUnited States 608 $aPeriodicals.$2fast 608 $aMedical statistics.$2fast 608 $aVital statistics.$2fast 608 $aPeriodicals.$2lcgft 608 $aVital statistics.$2lcgft 608 $aStatistics, Medical. 608 $aPeriodical. 615 0$aLife insurance 615 7$aLife insurance. 615 2$aInsurance, Life. 615 2$aLife Expectancy. 615 2$aPublic Health. 615 2$aVital Statistics. 676 $a304.6/0973 712 02$aMetropolitan Life Insurance Company. 906 $aJOURNAL 912 $a996203233503316 920 $aexl_impl conversion 996 $aStatistical bulletin$91326038 997 $aUNISA